<?xml version="1.0" encoding="UTF-8"?><?xml-stylesheet type="text/xsl" href="static/style.xsl"?><OAI-PMH xmlns="http://www.openarchives.org/OAI/2.0/" xmlns:xsi="http://www.w3.org/2001/XMLSchema-instance" xsi:schemaLocation="http://www.openarchives.org/OAI/2.0/ http://www.openarchives.org/OAI/2.0/OAI-PMH.xsd"><responseDate>2026-04-13T02:25:46Z</responseDate><request verb="GetRecord" identifier="oai:www.recercat.cat:2117/445826" metadataPrefix="marc">https://recercat.cat/oai/request</request><GetRecord><record><header><identifier>oai:recercat.cat:2117/445826</identifier><datestamp>2025-11-13T07:53:01Z</datestamp><setSpec>com_2072_1033</setSpec><setSpec>col_2072_452951</setSpec></header><metadata><record xmlns="http://www.loc.gov/MARC21/slim" xmlns:dcterms="http://purl.org/dc/terms/" xmlns:xsi="http://www.w3.org/2001/XMLSchema-instance" xmlns:doc="http://www.lyncode.com/xoai" xsi:schemaLocation="http://www.loc.gov/MARC21/slim http://www.loc.gov/standards/marcxml/schema/MARC21slim.xsd">
   <leader>00925njm 22002777a 4500</leader>
   <datafield ind2=" " ind1=" " tag="042">
      <subfield code="a">dc</subfield>
   </datafield>
   <datafield ind2=" " ind1=" " tag="720">
      <subfield code="a">Almirall Guardià, Eva</subfield>
      <subfield code="e">author</subfield>
   </datafield>
   <datafield ind2=" " ind1=" " tag="260">
      <subfield code="c">2025-06-16</subfield>
   </datafield>
   <datafield ind2=" " ind1=" " tag="520">
      <subfield code="a">Aquest treball de final de màster té com a objectiu dissenyar, implementar i avaluar un protocol d'actuació al taller de Tecnologia per afavorir l'aprenentatge de l'alumnat amb Trastorn de l'Espectre Autista (TEA) al primer cicle de l'educació secundària obligatòria. Davant les dificultats que presenten aquests alumnes en la comunicació social, la flexibilitat cognitiva, les funcions executives i la regulació emocional, es proposa una intervenció basada en adaptacions metodològiques concretes i l'ús de suports visuals, estructuració del temps i de l'espai, i estratègies de regulació conductual. La metodologia combina la revisió de literatura científica, el marc normatiu i l'anàlisi de bones pràctiques amb el disseny d'una situació d'aprenentatge vinculada al taller. Aquesta, implementada amb alumnat del primer cicle d'ESO, s'ha adaptat segons els principis del Disseny Universal per a l'Aprenentatge (DUA) i les necessitats específiques dels alumnes amb TEA. El protocol inclou adaptacions per a activitats com el treball amb fusta, cartró, circuits elèctrics, dibuix tècnic i robòtica. Els resultats indiquen que la seva aplicació ha afavorit la participació activa, la comprensió de tasques i la regulació emocional, així com la cooperació dins del grup classe. Es conclou que calen entorns educatius inclusius, especialment en espais pràctics com el taller, on l'estructuració, la visualització i la flexibilitat metodològica són clau per garantir l'equitat educativa.</subfield>
   </datafield>
   <datafield ind1="8" ind2=" " tag="024">
      <subfield code="a">http://hdl.handle.net/2117/445826</subfield>
   </datafield>
   <datafield tag="653" ind2=" " ind1=" ">
      <subfield code="a">Àrees temàtiques de la UPC::Ensenyament i aprenentatge::Ensenyament secundari::ESO</subfield>
   </datafield>
   <datafield tag="653" ind2=" " ind1=" ">
      <subfield code="a">Autism spectrum disorders</subfield>
   </datafield>
   <datafield tag="653" ind2=" " ind1=" ">
      <subfield code="a">Inclusive education</subfield>
   </datafield>
   <datafield tag="653" ind2=" " ind1=" ">
      <subfield code="a">TEA</subfield>
   </datafield>
   <datafield tag="653" ind2=" " ind1=" ">
      <subfield code="a">Educació inclusiva</subfield>
   </datafield>
   <datafield tag="653" ind2=" " ind1=" ">
      <subfield code="a">Aula taller</subfield>
   </datafield>
   <datafield tag="653" ind2=" " ind1=" ">
      <subfield code="a">Adaptacions metodològiques</subfield>
   </datafield>
   <datafield tag="653" ind2=" " ind1=" ">
      <subfield code="a">Tecnologia</subfield>
   </datafield>
   <datafield tag="653" ind2=" " ind1=" ">
      <subfield code="a">ESO</subfield>
   </datafield>
   <datafield tag="653" ind2=" " ind1=" ">
      <subfield code="a">Educació</subfield>
   </datafield>
   <datafield tag="653" ind2=" " ind1=" ">
      <subfield code="a">Autism Spectrum Disorder</subfield>
   </datafield>
   <datafield tag="653" ind2=" " ind1=" ">
      <subfield code="a">Workshop classroom</subfield>
   </datafield>
   <datafield tag="653" ind2=" " ind1=" ">
      <subfield code="a">Technology</subfield>
   </datafield>
   <datafield tag="653" ind2=" " ind1=" ">
      <subfield code="a">Engineering</subfield>
   </datafield>
   <datafield tag="653" ind2=" " ind1=" ">
      <subfield code="a">Education</subfield>
   </datafield>
   <datafield tag="653" ind2=" " ind1=" ">
      <subfield code="a">ASD</subfield>
   </datafield>
   <datafield tag="653" ind2=" " ind1=" ">
      <subfield code="a">High school</subfield>
   </datafield>
   <datafield tag="653" ind2=" " ind1=" ">
      <subfield code="a">K-12</subfield>
   </datafield>
   <datafield tag="653" ind2=" " ind1=" ">
      <subfield code="a">Trastorns de l'espectre autista</subfield>
   </datafield>
   <datafield tag="653" ind2=" " ind1=" ">
      <subfield code="a">Educació inclusiva</subfield>
   </datafield>
   <datafield ind2="0" ind1="0" tag="245">
      <subfield code="a">Disseny d'activitats adaptades a l'aula taller per a alumnes del primer cicle d'ESO amb TEA</subfield>
   </datafield>
</record></metadata></record></GetRecord></OAI-PMH>